Responses for Show #7347 - Tuesday, July 19, 2016

Pranjal Vachaspati game 1.
Bible book-themed categories for all three rounds.

Contestants

[<< previous game]

Carolyn Riegle, a pediatrician from Norfolk, Virginia

Pranjal Vachaspati, a Ph.D. student originally from Shaker Heights, Ohio

Ellen Corrigan, a law clerk from Philadelphia, Pennsylvania (whose 3-day cash winnings total $40,000)

[next game >>]

Jeopardy! Round responses

THESE AREN'T BIBLE BOOKS
DUDE-ERONOMY
JOB, NOT JOB
FIRST, QUEENS
ADAPTATIONS 5
SYNONYMS 1 & 2
    $200 27
(Pranjal: What is The Count of Monte Cristo?)

Les Misérables

EllenPranjal
    $200 11
a ranch

Ellen
    $200 6
the East River

Pranjal
    $200 19
Argo

Ellen
    $200 1
a mammoth

Carolyn
    $400 28
[The end-of-round signal sounds.]

T.S. Garp

Triple Stumper
    $400 12
"Dude (Looks Like A Lady)"

Pranjal
    $400 23
(Alex: Correct, with less than a minute to go now.)

Shea Stadium

Pranjal
    $400 13
Forrest Gump

Ellen
    $400 2
a banner

Ellen
    $600 7
Into Thin Air

Pranjal
    $600 10
Jeff Bridges

Carolyn
    $600 9
a secretary (or writer)

Pranjal
    $600 8
Flushing Meadows

Pranjal
    $600 20
Captain Phillips

Ellen
    $600 3
jargon

Ellen
    $800 25
Dr. Jekyll and Mr. Hyde

Pranjal
    $800 14
a dandy

Ellen
    $800 16
quality assurance

Pranjal
    $800 18
Aqueduct

Carolyn
    $800 21
(Roald) Dahl

Pranjal
    $1,000 4
(Alex: Ellen?)
(Ellen: Can't think of anything.)

an emissary

Ellen
    $1000 24
F. Scott Fitzgerald

Triple Stumper
    $1000 15
Arthur

Pranjal
    $1000 17
alderman

Triple Stumper
    $1000 26
Far Rockaway

Carolyn
    $1000 22
Sapphire

Ellen
    $1000 5
(Pranjal: What is Beezlebub?)

Beelzebub

Pranjal
Triple Stumper

Scores at the first commercial break (after clue 15):

Ellen Pranjal Carolyn
$1,400 $2,400 $800

Scores at the end of the Jeopardy! Round:

Ellen Pranjal Carolyn
$3,400 $5,000 $2,600

Double Jeopardy! Round responses

THESE ARE BIBLE BOOKS
I KINGS
EXODUS
SONG OF SOLOMON
REVELATION
L"UKE"
    $400 19
John

Pranjal
    $400 1
William the Conqueror

Pranjal
    $400 25
New Orleans

Pranjal
    $400 8
soul

Ellen
    $400 7
the National Enquirer

Triple Stumper
    $400 14
archduke

Pranjal
    $800 28
[The end-of-round signal sounds.]

Juan Carlos

Triple Stumper
    $800 9
multiply

Pranjal
    $800 6
Grant

Carolyn
    $800 24
a rebuke

Carolyn
    $1200 18
the prophets

Carolyn
    $1200 20
Hussein

Pranjal
    $1200 11
(Bob) Marley

Pranjal
    $1200 16
Creedence Clearwater Revival

Carolyn
    $1200 3
Iggy Azalea

Ellen
    $1200 2
a fluke

Pranjal
    $1600 21
Ecclesiastes

Pranjal
    $1600 15
(Pranjal: Who is Xerxes?)
(Carolyn: Who is Alexander the Great?)

Darius

PranjalCarolyn
Triple Stumper
    $1600 10
the 1940s

Pranjal
    $1600 17
Led Zeppelin

Pranjal
    $1600 4
Berlusconi

Ellen
    $1600 12
a jukebox

Ellen
    $3,210 27
Galatians

Pranjal
    $2000 26
Harald

Pranjal
    $2000 22
(Pranjal: What is Catholicism?)
[Originally ruled incorrect; reversed before the second Daily Double at clue 27 because "[o]ur phrasing of the clue was a little vague"]

Quakers (or Catholicism)

EllenPranjal
    $2000 23
(Ellen: Who is Otis Redding?)

Ben E. King

Ellen
Triple Stumper
    $3,000 5
oil

Ellen
    $2000 13
Phuket

Carolyn

Scores at the end of the Double Jeopardy! Round:

Ellen Pranjal Carolyn
$11,200 $21,410 $7,000

[wagering suggestions for these scores]

Final Jeopardy! Round responses

JUDGES
CarolynWho is was John Jay?
$0
EllenWho is John Marshall?
$11,000
PranjalWho is Marshall?
$4,500
John Marshall

Final scores:

Ellen Pranjal Carolyn
$22,200 $25,910 $7,000
2nd place: $2,000 New champion: $25,910 3rd place: $1,000

Game dynamics:

Coryat scores:

Ellen Pranjal Carolyn
$11,200 $20,200 $7,000
15 R
(including 1 DD),
2 W
(including 1 DD)
24 R
(including 1 DD),
3 W
9 R,
1 W

Combined Coryat: $38,400

[game clues] [game scores] [suggest correction]

Game tape date: 2016-04-26
The J! Archive is created by fans, for fans. Scraping, republication, monetization, and malicious use prohibited; this site may use cookies and collect identifying information. See terms. The Jeopardy! game show and all elements thereof, including but not limited to copyright and trademark thereto, are the property of Jeopardy Productions, Inc. and are protected under law. This website is not affiliated with, sponsored by, or operated by Jeopardy Productions, Inc. Join the discussion at JBoard.tv.